| 000 -LEADER |
| fixed length control field |
00329nam a2200121Ia 4500 |
| 008 - FIXED-LENGTH DATA ELEMENTS--GENERAL INFORMATION |
| fixed length control field |
190802s9999 xx 000 0 und d |
| 020 ## - INTERNATIONAL STANDARD BOOK NUMBER |
| International Standard Book Number |
978-969-637-398-8 |
| 100 ## - MAIN ENTRY--PERSONAL NAME |
| Personal name |
Fatima Akram |
| 245 #0 - TITLE STATEMENT |
| Title |
Introduction to Biochemistry and Biotechnology Techniques |
| 260 ## - PUBLICATION, DISTRIBUTION, ETC. (IMPRINT) |
| Place of publication, distribution, etc |
Karachi |
| Name of publisher, distributor, etc |
Paramount |
| Date of publication, distribution, etc |
2018 |
| 300 ## - PHYSICAL DESCRIPTION |
| Extent |
347:p |
| 942 ## - ADDED ENTRY ELEMENTS (KOHA) |
| Koha item type |
Books |